| 000 | 00918cam a22002537a 4500 | ||
|---|---|---|---|
| 005 | 20220329141145.0 | ||
| 008 | 971010s1988 r 00010 d | ||
| 010 | _a63569 | ||
| 011 | _a64541 | ||
| 035 | _a70170 | ||
| 082 |
_a630.097262 _bM3 |
||
| 100 | 0 | 0 |
_aMata García, Bernardino _ecoord. _972863 |
| 245 | 0 |
_aInforme del campamento de trabajo I _b: Diagnóstico agrosocial de la zona norte del estado de Veracruz |
|
| 260 |
_aChapingo, Méx. : _bUACH. Departamento de Sociología Rural, _c1988 |
||
| 300 | _a146 h | ||
| 590 |
_aBATCH-UPD _b10 _c20130110 _lUCH01 _h1038 |
||
| 590 |
_aBATCH-UPD _b10 _c20130410 _lUCH01 _h0639 |
||
| 590 |
_aBATCH-UPD _b10 _c20130914 _lUCH01 _h0010 |
||
| 590 |
_aCONVERSION _b10 _c20130109 _lUCH01 _h1334 |
||
| 650 | 1 | 4 |
_aAgricultura _zVeracruz. _91941 |
| 650 | 1 | 4 |
_aVeracruz _xCondiciones sociales. _9118809 |
| 901 | _aBK | ||
| 949 |
_a630.097262 M3 _bSR _cLIBRO _d-2411 _eLIBRO _h11209 _i70170 _si |
||
| 999 |
_c63569 _d63569 |
||